000 00670nam a2200229Ia 4500
005 20250117103450.0
008 008 250103s9999 xx 000 0 eng d
020 _a9789402401073
037 _aTextbook
040 _aCSL
_beng
_cCSL
041 _aeng
_2eng
084 _aG116 Q4
_qCSL
100 _aLandry, Christian R
_9731190
245 0 _aEcological genomics
_cLandry, Christian R
260 _aLondon
_bSpringer
_c2014
300 _avi,359p. Col.ill.
650 _a Ecological epigenetics
_9733235
650 _a Recent advances in ecological genomics
_9733236
650 _aBotany
942 _cTB
_hG116 Q4
999 _c1237469
_d1237469